LEADER 00936nam a2200253 u 4500 001 000000071951 003 CaOOAMICUS 005 20070226122204.0 008 020607s1933 it u000 u ita u 035 $a10932538 040 $aPUL(R)$bita 100 1 $aSpirito, Ugo,$d1896-1979.$0(OLS)http://pul/name/5813 245 10$aCapitalismo e corporativismo /$cUgo Spirito. 260 $aFirenze :$bG.C. Sansoni,$c1923. 300 $a156 p. ;$c25 cm 500 $aContiene indice. 504 $aBibliografia in nota. 650 4$aCapitalismo.$0(OLS)http://pul/subject/7257 850 $aPUL 852 $aPUL$W1$xDP1 Cons. Gen., Altre Classi 1$y22$m845 A 9$j93067$nBK-PRI$b $qStampati$B93067$CPULBib$Z2$F93067 $H $81 941 1 $a8 961 $aINV: 36646 996 $6245$aCapitalismo e corporativismo$9(OLS)http://pul/title/94683 996 $6260$aFirenze :$bG.C. Sansoni$9(OLS)http://pul/publisher/48247 LEADER 01337nam a2200277 a 4500 001 000000155421 003 CaOOAMICUS 005 20161024142745.0 008 161024s1975 it u000 u eng r 032 $aLibriCat 040 $aPUL$bita 100 1 $aDi Lorenzo, Francis.$0(OLS)http://pul/name/98975 245 10$aCourageous christian love :$ba response to symbolic violence /$cFrancis Di Lorenzo. 260 $aRoma :$bPontificia Università S. Tommaso d'Aquino,$c1975. 300 $a73 p. ;$c25 cm. 500 $aIn testa al front.: Pontificia Studiorum Universitas a S. Thoma Aq. in Urbe. Facultas Theologiae. 502 $aEstratto da tesi -- Pontificiam Universitatem S. Thomae de Urbe, Facultate S. Theologiae, 1975. 504 $aBibliografia in nota. 650 4$aAmore$xAspetti religiosi.$0(OLS)http://pul/subject/36534 710 2 $aPontificia Università S. Tommaso.$bFacoltà di teologia.$kTesi.$0(OLS)http://pul/name/81834 850 $aPUL 852 $aPUL$W1$xDP1 Tesi Pon. Univ. S. Tommaso$y44$mTH S.THOM TH531$j178536$qTesi$B181722$CPULBib$Z2$F181722 $81 941 1 $a16 996 $6245$aCourageous christian love :$ba response to symbolic violence$9(OLS)http://pul/title/195087 996 $6260$aRoma :$bPontificia Università S. Tommaso d'Aquino$9(OLS)http://pul/publisher/74417